México 68 Programa Cultural de la XIX Olimpiada : trío Jacques Loussier Play Bach /
Programa de las presentaciones que realizó el trío Jacques Loussier en el Teatro de Bellas Artes, los días 9 y 10 de agosto de 1968, dentro del marco de los XIX juegos olímpicos. Jacques Loussier es un trío de jazz fundado en Francia en 1959, compuesto por un piano (Jacques Loussier), un contrabajo...
সংরক্ষণ করুন:
| সংস্থা লেখক: | , , |
|---|---|
| বিন্যাস: | কনফারেন্স প্রসিডিং গ্রন্থ |
| ভাষা: | স্প্যানিশ |
| বিষয়গুলি: | |
| ট্যাগগুলো: |
কোনো ট্যাগ নেই, প্রথমজন হিসাবে ট্যাগ করুন!
|
MARC
| LEADER | 00000nam^a2200000^a^4500 | ||
|---|---|---|---|
| 001 | 000264226 | ||
| 005 | 20250526000000.0 | ||
| 009 | 20260310110640.851 | ||
| 037 | |a Acervo ITESO - Biblioteca | ||
| 041 | |a ESP | ||
| 082 | |a 796. 48 |b JUE 1968 CUL V. 22 | ||
| 111 | |a Juegos Olímpicos ( |n 19° : |d 1968 : |c México) | ||
| 240 | 1 | 1 | |a [Programa cultural de los juegos de la XIX Olimpiada] |
| 240 | 1 | 1 | |a [Festival Internacional de Bellas Artes] |
| 245 | 1 | 0 | |a México 68 Programa Cultural de la XIX Olimpiada : |b trío Jacques Loussier Play Bach / |c Comité Olímpico Mexicano. |
| 264 | |a México : |b Comité Olímpico Mexicano, |c 1968 | ||
| 300 | |a 1 folleto (12 p.) ; |c 25.0 cm. | ||
| 336 | |a texto |b txt |2 rdacontenido | ||
| 337 | |a sin mediación |b n |2 rdamedio | ||
| 338 | |a volumen |b nc |2 rdasoporte | ||
| 520 | |a Programa de las presentaciones que realizó el trío Jacques Loussier en el Teatro de Bellas Artes, los días 9 y 10 de agosto de 1968, dentro del marco de los XIX juegos olímpicos. Jacques Loussier es un trío de jazz fundado en Francia en 1959, compuesto por un piano (Jacques Loussier), un contrabajo (Benoit Duyoner de Segonzac) y una batería (André Arpino), que ejecuta versiones de las obras de Bach. | ||
| 546 | |a Edición trilingüe español-francés-inglés | ||
| 649 | |a XX | ||
| 650 | |a Juegos Olímpicos - |z México - |x Historia - |y 1964-1970 | ||
| 650 | |a Juegos Olímpicos - |x Historia | ||
| 650 | |a Jazz - |z Italia - |x Historia y Crítica - |x Tema Principal | ||
| 650 | |a Jazz - |x Historia y Crítica | ||
| 650 | |a Música Clásica - |z Italia - |x Historia y Crítica | ||
| 650 | |a Música Clásica - |x Historia y Crítica | ||
| 650 | |a Música Italiana - |x Historia y Crítica | ||
| 650 | |a Conciertos (Espectáculos) - |z México (Ciudad) - |x Historia - |y 1964-1970 - |x Tema Principal | ||
| 650 | |a Conciertos (Espectáculos) - |z México - |x Historia - |y 1964-1970 | ||
| 650 | |a Cultura - |z México - |x Historia - |y 1964-1970 | ||
| 710 | |a Comité Olímpico Mexicano | ||
| 710 | |a Comité Olímpico Internacional | ||
| 910 | |a Fondo Julio de la Peña Lomelín | ||
| 920 | |a Impresos - Libros | ||
| 930 | |a Libros Antiguos y Raros | ||
| 940 | |a Arquitectos Jaliscienses | ||
| 905 | |a 108 | ||
| 901 | |a 0500146104 |b IT2 |c LRA |u 20250526 | ||
| 902 | |a https://opac.biblio.iteso.mx/vufind/Record/000264226 | ||